000 00335nam a22001337a 4500
020 _a9788190356736
082 _a604.2
_bANI/EN
100 _aAnilkumar, K.N
245 _aEngineering graphics: Unique methods, easy solutions
250 _a7th ed
260 _aKottayam
_bAdhyuth Narayan Publishers
_c2012
300 _eCD
942 _cBK
999 _c14042
_d14042